Bài tập & bài giải kiểm toán đại cương

Đã lưu trong:
書目詳細資料
主要作者:  Nguyễn Phú Cường
格式: Sách
語言:Undetermined
出版:  Giao thông Vận tải  2010
主題:
標簽: 添加標簽
沒有標簽, 成為第一個標記此記錄!
Thư viện lưu trữ: Trung tâm Thư viện - Trường Đại học Công nghiệp TP. Hồ Chí Minh
LEADER 00539nam a2200157Ia 4500
001 UIH_03740
008 231011s9999 xx 000 0 und d
082 |a  657.45 
100 |a  Nguyễn Phú Cường 
245 0 |a  Bài tập & bài giải kiểm toán đại cương 
245 0 |c  Nguyễn Phú Cường 
260 |b  Giao thông Vận tải 
260 |c  2010 
650 |a  Kiểm toán;  
927 |a Sách 
980 |a Trung tâm Thư viện - Trường Đại học Công nghiệp TP. Hồ Chí Minh